The lonely only dog / (Record no. 8487)

MARC details
000 -LEADER
fixed length control field 01206pam a2200385 a 4500
001 - CONTROL NUMBER
control field 8487
003 - CONTROL NUMBER IDENTIFIER
control field FISKH
005 - DATE AND TIME OF LATEST TRANSACTION
control field 20250915152539.0
008 - FIXED-LENGTH DATA ELEMENTS--GENERAL INFORMATION
fixed length control field 980430s1998 nyua b 000 1 eng
010 ## - LIBRARY OF CONGRESS CONTROL NUMBER
LC control number 98007782
020 ## - INTERNATIONAL STANDARD BOOK NUMBER
International Standard Book Number 0590522809
Qualifying information pbk.
020 ## - INTERNATIONAL STANDARD BOOK NUMBER
International Standard Book Number 9780590522809
Qualifying information (pbk.)
020 ## - INTERNATIONAL STANDARD BOOK NUMBER
International Standard Book Number 9780590522809
035 ## - SYSTEM CONTROL NUMBER
System control number 4978488
040 ## - CATALOGING SOURCE
Original cataloging agency DLC
Transcribing agency DLC
Modifying agency DLC
Language of cataloging eng
050 ## - LIBRARY OF CONGRESS CALL NUMBER
Classification number PZ7.B786116 L
082 ## - DEWEY DECIMAL CLASSIFICATION NUMBER
Classification number 504
100 1# - MAIN ENTRY--PERSONAL NAME
Personal name Brodkin, Adele M.
245 14 - TITLE STATEMENT
Title The lonely only dog /
Statement of responsibility, etc. by Adele M. Brodkin ; illustrated by Larry Di Fiori.
260 ## - PUBLICATION, DISTRIBUTION, ETC.
Place of publication, distribution, etc. New York :
Name of publisher, distributor, etc. Scholastic,
Date of publication, distribution, etc. 1998.
300 ## - PHYSICAL DESCRIPTION
Extent 30 unnumbered pages :
Other physical details color illustrations ;
Dimensions 23 cm
440 #0 - SERIES STATEMENT/ADDED ENTRY--TITLE
Title Hello reader!
Number of part/section of a work Level 3
500 ## - GENERAL NOTE
General note "Cartwheel books."
505 ## - FORMATTED CONTENTS NOTE
Formatted contents note J<br/>
520 ## - SUMMARY, ETC.
Summary, etc. A dog who longs for someone to play with finds out how good life is as an only pet when another dog comes to visit.
521 ## - TARGET AUDIENCE NOTE
Target audience note 460<br/>
Source Lexile AD<br/>
521 ## - TARGET AUDIENCE NOTE
Target audience note J<br/>
Source Raz-Plus<br/>
650 #1 - SUBJECT ADDED ENTRY--TOPICAL TERM
Topical term or geographic name entry element Dogs
General subdivision Fiction.
650 #1 - SUBJECT ADDED ENTRY--TOPICAL TERM
Topical term or geographic name entry element Loneliness
General subdivision Fiction.
650 #1 - SUBJECT ADDED ENTRY--TOPICAL TERM
Topical term or geographic name entry element Only child
General subdivision Fiction.
700 1# - ADDED ENTRY--PERSONAL NAME
Personal name Di Fiori, Lawrence,
Relator term illustrator
906 ## - LOCAL DATA ELEMENT F, LDF (RLIN)
a 7
b cbc
c orignew
d 1
e ocip
f 19
g y-gencatlg
942 ## - ADDED ENTRY ELEMENTS (KOHA)
Source of classification or shelving scheme Dewey Decimal Classification
Koha item type Books
Suppress in OPAC No
Holdings
Withdrawn status Lost status Source of classification or shelving scheme Damaged status Not for loan Collection Home library Current library Shelving location Date acquired Total Checkouts Full call number Barcode Date last seen Copy number Price effective from Koha item type
    Dewey Decimal Classification     Juvenile Fiction Footprints International School Library Network Toul Tom Poung Campus Footprints International School Library Network Toul Tom Poung Campus TTP Primary Dark Blue Bookshelves 09/15/2025   BRO 504 PZ7.B786116 L FISBK02763 09/15/2025 1 09/15/2025 Books